Geometría elemental a nivel universitario /

Guardado en:
Autor Principal: Villamayor, Orlando E.
Formato: Libro
Idioma:Spanish
Publicado: Buenos Aires : Red Olímpica, 1997.
Etiquetas: Agregar Etiqueta
Sin Etiquetas, Sea el primero en etiquetar este registro!
LEADER 00528nam a22001575a 4500
001 MAT.inmabb004088
008 061107s1997####ag#a##########001#0#spa#d
005 20130402125149.0
245 1 0 |a Geometría elemental a nivel universitario /  |c Orlando E. Villamayor. 
260 |a Buenos Aires :  |b Red Olímpica,  |c 1997. 
300 |a v. <1> :  |b il. ;  |c 26 cm. 
505 1 |a v. 1. Geometría afín. 
020 |a 9879072219 
100 1 |a Villamayor, Orlando E. 
084 |a 51-00 (51-01 51Exx)  |2 msc2000 
859 |h 51  |i V715  |p A-8430  |v 1  |3 Vol. 1  |b BIB. MATEMATICA